| 000 | 02746nam0a2200385 4500 | ||
|---|---|---|---|
| 001 | RU\NLR\BIBL_A\022288937 | ||
| 005 | 20260420013050.0 | ||
| 010 |
_a978-5-89822-836-1 _9100 |
||
| 021 |
_aRU _bКН-П-24-035872 _9КН-П-24-3602 |
||
| 035 | _a(NLR Aleph) 022288937 | ||
| 090 |
_a13662089 _c13662089 |
||
| 100 | _a20240802d2024 k y0rusy50 ca | ||
| 101 | 0 | _arus | |
| 102 | _aRU | ||
| 105 | _ay z 000 y | ||
| 181 | 0 |
_ai _baxxe |
|
| 182 | 0 | _an | |
| 200 | 1 |
_aСтоматология и микробиология. Комплексное решение общих теоретических и практических задач _eматериалы III Всеросийской междисциплинарной научной конференции по микробиологической стоматологии "Стоматология и микробиология. Комплексное решение общих теоретических и практических задач" _fСтавропольский государственный медицинский университет [и др.] _gглавный редактор: д. м. н., профессор С. Н. Гаража |
|
| 203 |
_aТекст _bвизуальный _cнепосредственный |
||
| 210 |
_aСтаврополь _cИзд-во СтГМУ _d2024 |
||
| 215 |
_a173 с. _cил., табл. _d21 |
||
| 320 | _aБиблиогр. в конце ст. | ||
| 606 | 1 |
_aПолость рта _jСъезды, совещания и т.п _xМикрофлора при патологии _92282476 _3RU\NLR\AUTH\6601595539 |
|
| 606 | 1 |
_aСтоматологические болезни _jСъезды, совещания и т.п _xФармакотерапия _91754154 _3RU\NLR\AUTH\661081576 |
|
| 686 | 1 | _aР661.2-2я431(2) | |
| 686 | 1 | _aР264.862я431(2) | |
| 686 | 1 | _aР66-52я431(2) | |
| 702 | 1 |
_aГаража _bС. Н. _gСергей Николаевич _4340 |
|
| 711 | 1 | 2 |
_a"Стоматология и микробиология. Комплексное решение общих теоретических и практических задач", всероссийская междисциплинарная научная конференция по микробиологической стоматологии _d3 _eСтаврополь _f2023 _9885909 _3RU\NLR\AUTH\880614058 |
| 712 | 0 | 2 |
_4475 _aСтавропольский государственный медицинский университет _9382802 _3RU\NLR\AUTH\880357643 |
| 942 | _cBOOK | ||
| 980 | _aNB | ||